| 000 | 00911cab a2200205 4500 | ||
|---|---|---|---|
| 001 | ABS38110 | ||
| 008 | 090401t1987 xxu||||| |||| 00| 0 eng d | ||
| 035 | _a(Sirsi) u8772 | ||
| 041 | _aeng | ||
| 100 | _aBowie, N. | ||
| 245 | _aWhither capital values? | ||
| 260 | _c1987 | ||
| 350 | _a0 | ||
| 490 |
_aEstates Gazette _v283(6346) 8 August 1987, 638(1) |
||
| 520 | _aThree new property investment vehicles Property Income Certificates ( PINCs ), Single Asset Property Companies ( SAPCOs ) and Single Property Owned Trusts ( SPOTs ) are expected to be launched in 1987. Also established unauthorised property unit trusts may seek to become authorised and open to all. This article analyses whether capital values of investment properties will be affected adversely or otherwise by these developments. | ||
| 650 | _aUNITISATION | ||
| 690 | _aPROPERTY LAW AND PRACTICE | ||
| 942 | _n0 | ||
| 948 | _c04/03/1997 | ||
| 999 |
_c5438 _d5438 |
||